000 00511nam a2200121Ia 4500
003 GCL
008 140319s9999 xx 000 0 ara d
040 _aGCL /
_cGCL
082 0 4 _aلqبqحqثq qاqلqعqاqمq
245 1 0 _a-q q<qFq1q>q qلqعqرqضq qاqلqقqاqئqمqةq q-q q<qEqSqCq>q qلqلqخqرqوqجq t t t t t t t t t t t t t t t t t t t t t t t t t t t t t t t t t t t t t t t t t t t t t t t t t t t t t t t t t t t t t t t t t t t t t t t t t t t t t t t t t t
300 _a? ? ? ? ? ? ?
490 _a
999 _c25935
_d25935